| 000 | 00000nam##2200000za#4500 |
| 001 | 9.638259 |
| 003 | CaOODSP |
| 005 | 20240209132622 |
| 007 | cr ||||||||||| |
| 008 | 150407|2005||||xxc|||||o f|0| 0 fre|d |
| 040 | |aCaOODSP|bfre |
| 043 | |an-cn--- |
| 086 | 1 |aAC5-9/2005F-PDF |
| 110 | 2 |aAgence de promotion économique du Canada atlantique. |
| 245 | 10|aRapport du Groupe de travail visant à favoriser la durabilité de l'industrie salmonicole au Canada atlantique |h[ressource électronique] |
| 260 | |aMoncton - Nouveau-Brunswick : |bAgence de promotion économique du Canada atlantique |cAvril 2005. |
| 300 | |a40p.|bill. en couleur, graphique, tableaux, photographies |
| 500 | |a«Un groupe de travail dirigé par le Ministère de l’Agriculture, des Pêches et de l’Aquaculture du Nouveau-Brunswick (MAPANB) et Pêches et Océans Canada (MPO) a été mis sur pied en collaboration avec Entreprises Nouveau-Brunswick (ENB), l’Agence de Promotion Économique du Canada Atlantique (APECA), Agriculture et Agroalimentaire Canada (AAC), le Ministère de l’Agriculture et des Pêches de la Nouvelle-Écosse (MAPNE), le Ministère des Pêches et de l’Aquaculture de Terre-Neuve-et-Labrador (MPATNL) et le New Brunswick Salmon Growers Association (NBSGA). Le groupe de travail a pour mandat d’examiner l’état financier de l’industrie salmonicole au Canada atlantique et d’en faire rapport, ...»--Page 5 sur 40. |
| 590 | |a10-15-Supp|b2010-12-10 |
| 691 | 07|aPisciculture|2gcpds |
| 775 | 08|tReport of the Task Force on Fostering A Sustainable Salmon Farming Industry for Atlantic Canada |w(CaOODSP)9.694057 |
| 856 | 40|ahttp://publications.gc.ca|qPDF|s4 Mo|uhttps://publications.gc.ca/collections/collection_2010/apeca-acoa/AC5-9-2005-fra.pdf |